Central Library OPAC University of Rajshahi

অমৃতকথাকার শ্রীম : (Record no. 39415)

MARC details
000 -LEADER
fixed length control field 00892nam a2200241 a 4500
001 - CONTROL NUMBER
control field 39415
003 - CONTROL NUMBER IDENTIFIER
rucl marc code BD-RjUL
005 - DATE AND TIME OF LATEST TRANSACTION
control field 20211209053003.0
008 - FIXED-LENGTH DATA ELEMENTS--GENERAL INFORMATION
fixed length control field 160410r20132009ii a|||| |||| 00| 0 ben d
020 ## - INTERNATIONAL STANDARD BOOK NUMBER
International Standard Book Number 8172670354
Terms of availability :TK 330.00
035 ## - SYSTEM CONTROL NUMBER
System control number (BD-RjUL)
040 ## - CATALOGING SOURCE
Original cataloging agency BD-RjUL
Language of cataloging ben
Transcribing agency BD-RjUL
041 ## - LANGUAGE CODE
Language code of text/sound track or separate title ben
082 ## - DEWEY DECIMAL CLASSIFICATION NUMBER
Edition number 23
Classification number 294.5
Author mark and year SAA 2013
100 ## - MAIN ENTRY--PERSONAL NAME
Personal name শংকর
9 (RLIN) 121503
245 10 - TITLE STATEMENT
Title অমৃতকথাকার শ্রীম :
Remainder of title শ্রীশ্রীরামকৃষ্ণকথামৃত শ্রীম-কথিত /
Statement of responsibility, etc. শংকর
260 ## - PUBLICATION, DISTRIBUTION, ETC. (IMPRINT)
Place of publication, distribution, etc. কলকাতা :
Name of publisher, distributor, etc. সাহিত্যম,
Date of publication, distribution, etc. ২০১৩
300 ## - PHYSICAL DESCRIPTION
Pagination ৫১২ পৃ. ;
Illustrations চিত্র
Size ২২ সেমি.
504 ## - BIBLIOGRAPHY, ETC. NOTE
Bibliography, etc চিত্র সম্বলিত
650 ## - SUBJECT ADDED ENTRY--TOPICAL TERM
Topical term or geographic name as entry element হিন্দুত্ত্ববাদ
9 (RLIN) 121504
Topical term or geographic name as entry element Hinduism
9 (RLIN) 118440
942 ## - ADDED ENTRY ELEMENTS (KOHA)
Source of classification or shelving scheme Dewey Decimal Classification
Koha item type Books
Holdings
Lost status Source of classification or shelving scheme Damaged status Not for loan Collection code Permanent Location Current Location Shelving location Date acquired Source of acquisition Cost, normal purchase price Total Checkouts Full call number Date last seen Copy number Koha item type Date checked out
  Dewey Decimal Classification   Not For Loan Non-fiction Central Library, University of Rajshahi Central Library, University of Rajshahi Reading Room 05/07/2015 Chittagong : Batighar 330.00   B 294.5 SAA 2013 10/04/2016 C-1 Books  
  Dewey Decimal Classification     Non-fiction Central Library, University of Rajshahi Central Library, University of Rajshahi   05/07/2015 Chittagong : Batighar 330.00   B 294.5 SAA 2013 10/04/2016 C-2 Books  
  Dewey Decimal Classification     Non-fiction Central Library, University of Rajshahi Central Library, University of Rajshahi   05/07/2015 Chittagong : Batighar 330.00 1 B 294.5 SAA 2013 10/11/2016 C-3 Books 30/10/2016